000
00282nam a2200121 4500
008
181217b xxu||||| |||| 00| 0 eng d
041
_a
eng
080
_a
510
100
_a
36
101
_a
MAT
245
_a
Differential Equations: Geometric Theory
_c
Lefschetz,S
942
_2
ddc
_c
BK
999
_c
53326
_d
53326